[Event "CZE EM-II/5 corr"]
[Site "Czechia"]
[Date "2002.04.??"]
[Round "2"]
[White "Prikryl, Vit"]
[Black "Fiantok, Lukas"]
[Result "1-0"]
[WhiteElo "1600"]
[BlackElo "1600"]
[PlyCount "47"]
[EventDate "2002.??.??"]
[EventType "tourn (corr)"]
[EventRounds "10"]
[EventCountry "CZE"]
[SourceTitle "Corr 2004"]
[Source "ChessBase"]
[SourceDate "2003.04.28"]
[SourceVersion "3"]
[SourceVersionDate "2003.04.28"]
[SourceQuality "1"]

1. d4 d5 2. Nf3 e6 3. c4 Nd7 4. Nc3 dxc4 5. e4 Ngf6 6. Bf4 Bb4 7. Nd2 Bxc3 8. bxc3 b5 9. Rb1 a6 10. Be2 0-0 11. 0-0 Bb7 12. Qc2 Re8 13. Rfe1 c5 14. Bxc4 cxd4 15. cxd4 Rc8 16. Qb2 Bxe4 17. Nxe4 Nxe4 18. Bxb5 axb5 19. Rxe4 f5 20. Ree1 Qb6 21. Bg3 Nf6 22. Be5 Ra8 23. Qxb5 Qxb5 24. Rxb5 1-0

[Event "CZE EM-II/5 corr"]
[Site "Czechia"]
[Date "2002.02.??"]
[Round "1"]
[White "Fiantok, Lukas"]
[Black "Rozvoda, Viktor"]
[Result "0-1"]
[WhiteElo "1600"]
[BlackElo "1600"]
[PlyCount "62"]
[EventDate "2002.??.??"]
[EventType "tourn (corr)"]
[EventRounds "10"]
[EventCountry "CZE"]
[SourceTitle "Corr 2004"]
[Source "ChessBase"]
[SourceDate "2003.04.28"]
[SourceVersion "3"]
[SourceVersionDate "2003.04.28"]
[SourceQuality "1"]

1. e4 e6 2. d4 d5 3. Nc3 dxe4 4. Nxe4 Nd7 5. Nf3 Ngf6 6. Bg5 Be7 7. Nc3 Nd5 8. Bxe7 Qxe7 9. Nxd5 exd5+ 10. Qe2 Qxe2+ 11. Bxe2 0-0 12. 0-0 Nf6 13. Ne5 Bf5 14. Rac1 Rae8 15. Rfe1 Re7 16. Kf1 Rfe8 17. c3 Ne4 18. Rcd1 f6 19. Nd3 c6 20. Nf4 g5 21. Nd3 Nd6 22. b3 Nb5 23. Rc1 Rxe2 24. Rxe2 Bxd3 25. Rcc2 Bxe2+ 26. Rxe2 Rxe2 27. Kxe2 Nxc3+ 28. Kd3 Nxa2 29. f3 Nc1+ 30. Kc3 a5 31. b4 Ne2+ 0-1